| 000 | 00853nam a22002777a 4500 | ||
|---|---|---|---|
| 003 | CHAP | ||
| 005 | 20220817042740.0 | ||
| 008 | 971013s1984 r 10010 d | ||
| 010 | _a54350 | ||
| 011 | _a55322 | ||
| 035 | _a59474 | ||
| 040 | _cCHAP | ||
| 090 | _aFolleto 9251 | ||
| 111 | 0 | 0 |
_aSeminario La Biblioteca Universitaria y la Calidad Académica ( _d1984 _c: Puebla, Pue.) _9104173 |
| 245 | _aRelatoria, programa y reglamento | ||
| 260 |
_aPuebla, Pue. : _bABIESI, _c1984 |
||
| 300 | _a16 p. | ||
| 590 |
_aBATCH-UPD _b10 _c20130110 _lUCH01 _h0709 |
||
| 590 |
_aBATCH-UPD _b10 _c20130410 _lUCH01 _h0355 |
||
| 590 |
_aBATCH-UPD _b10 _c20130914 _lUCH01 _h0624 |
||
| 590 |
_aCONVERSION _b10 _c20130109 _lUCH01 _h1329 |
||
| 650 | 1 | 4 | _aBibliotecas universitarias. |
| 901 | _aBK | ||
| 942 | _cFOLL | ||
| 949 |
_aFolleto 9251 _bBC _cB _d-128559 _eB _i59474 _si |
||
| 999 |
_c54350 _d54350 |
||